000 00852nam a2200277Ia 4500
001 Para_306
003 CHAP
008 220125s1993 xx 000 0 und d
010 _a199061
040 _cCHAP
090 _aPA FOLLETO 3227
100 _aAlmeyda Leon, Isidro Humberto
_94540
245 _aEl control del arroz rojo en Campeche /
_c por Isidro Humberto Almeyda Leon
260 _aCampeche, Camp. :
_b INIFAP. Campo Experimental Edzna
300 _a1 hoja desplegable
410 _adesplegable para productores; 6
650 _aArroz
_x malas hierbas
_xcontrol
_97630
710 _aI. INIFAP. México. Campo Experimental Edzna
_9164387
901 _aPA FOLLETO 3227
902 _aA
905 _a0000001993 0000000000 00
910 _a1993
942 _cPARA
942 _cPARA
_d1
999 _c199061
_d199061